<?xml version="1.0" encoding="UTF-8"?>
<record
    xmlns:xsi="http://www.w3.org/2001/XMLSchema-instance"
    xsi:schemaLocation="http://www.loc.gov/MARC21/slim http://www.loc.gov/standards/marcxml/schema/MARC21slim.xsd"
    xmlns="http://www.loc.gov/MARC21/slim">

  <leader>01315nam a22003017a 4500</leader>
  <controlfield tag="003">OSt</controlfield>
  <controlfield tag="005">20170413112006.0</controlfield>
  <controlfield tag="008">170413s1997    spcd   ||     000 ||cat|d</controlfield>
  <datafield tag="020" ind1=" " ind2=" ">
    <subfield code="a">8449009189 (Universitat Aut&#xF2;noma de Barcelona)</subfield>
  </datafield>
  <datafield tag="020" ind1=" " ind2=" ">
    <subfield code="a">8480211865 (Universitat Jaume I)</subfield>
  </datafield>
  <datafield tag="020" ind1=" " ind2=" ">
    <subfield code="a">8437033187 (Universitat de Val&#xE8;ncia)</subfield>
  </datafield>
  <datafield tag="040" ind1=" " ind2=" ">
    <subfield code="a">ES-BaCBU</subfield>
    <subfield code="b">cat</subfield>
    <subfield code="c">CDMR</subfield>
  </datafield>
  <datafield tag="245" ind1="0" ind2="3">
    <subfield code="a">La Parla com a espectacle </subfield>
    <subfield code="b">: estudi d'un debat televisiu /</subfield>
    <subfield code="c">Cercle d'An&#xE0;lisi del Discurs ; Helena Calsamiglia ... [et al.]</subfield>
  </datafield>
  <datafield tag="260" ind1=" " ind2=" ">
    <subfield code="a">Bellaterra [etc.] :</subfield>
    <subfield code="b">Universitat Aut&#xF2;noma de Barcelona [etc.],</subfield>
    <subfield code="c">1997</subfield>
  </datafield>
  <datafield tag="300" ind1=" " ind2=" ">
    <subfield code="a">149 p. :</subfield>
    <subfield code="b">il., taules, gr&#xE0;f.;</subfield>
    <subfield code="c">24 cm</subfield>
  </datafield>
  <datafield tag="505" ind1="8" ind2=" ">
    <subfield code="a">Inclou: Ap&#xE8;ndix 1. La ritualitzaci&#xF3; visual / Guy Lochard i  Jean-Claude Soulages -- Ap&#xE8;ndix 2.Entrevista amb Joaquim M. Puyal a prop&#xF2;sit del programa "La vida en un xip"</subfield>
  </datafield>
  <datafield tag="600" ind1="1" ind2="4">
    <subfield code="a">Calsamiglia, Helena</subfield>
  </datafield>
  <datafield tag="650" ind1="0" ind2="4">
    <subfield code="a">An&#xE0;lisi del discurs</subfield>
  </datafield>
  <datafield tag="650" ind1="0" ind2="4">
    <subfield code="a">Programes de televisi&#xF3;</subfield>
    <subfield code="x">An&#xE0;lisi de contingut</subfield>
  </datafield>
  <datafield tag="650" ind1="0" ind2="4">
    <subfield code="a">Televisi&#xF3;</subfield>
    <subfield code="x">Programes</subfield>
  </datafield>
  <datafield tag="650" ind1="0" ind2="4">
    <subfield code="a">Televisi&#xF3; i llenguatge</subfield>
  </datafield>
  <datafield tag="700" ind1="1" ind2=" ">
    <subfield code="a">Calsamiglia, Helena</subfield>
  </datafield>
  <datafield tag="700" ind1="1" ind2=" ">
    <subfield code="a">Lochard, Guy.</subfield>
    <subfield code="t">Ritualitzaci&#xF3; visual</subfield>
  </datafield>
  <datafield tag="700" ind1="1" ind2=" ">
    <subfield code="a">Soulages, Jean-Claude.</subfield>
    <subfield code="t">Ritualitzaci&#xF3; visual</subfield>
  </datafield>
  <datafield tag="700" ind1="1" ind2=" ">
    <subfield code="a">Puyal, Joaquim M.</subfield>
    <subfield code="q">(Joaquim Maria),</subfield>
    <subfield code="d">1949-</subfield>
  </datafield>
  <datafield tag="710" ind1="2" ind2=" ">
    <subfield code="a">Cercle d'An&#xE0;lisi del Discurs</subfield>
  </datafield>
  <datafield tag="942" ind1=" " ind2=" ">
    <subfield code="c">MON</subfield>
  </datafield>
  <datafield tag="999" ind1=" " ind2=" ">
    <subfield code="c">7013</subfield>
    <subfield code="d">7013</subfield>
  </datafield>
  <datafield tag="952" ind1=" " ind2=" ">
    <subfield code="0">0</subfield>
    <subfield code="1">0</subfield>
    <subfield code="4">0</subfield>
    <subfield code="7">0</subfield>
    <subfield code="8">CIC</subfield>
    <subfield code="a">CDMR</subfield>
    <subfield code="b">CDMR</subfield>
    <subfield code="d">2017-04-13</subfield>
    <subfield code="g">11.72</subfield>
    <subfield code="l">1</subfield>
    <subfield code="m">1</subfield>
    <subfield code="o">CIC Fo 11</subfield>
    <subfield code="p">CDMR17040004</subfield>
    <subfield code="r">2023-02-23</subfield>
    <subfield code="s">2022-01-20</subfield>
    <subfield code="v">11.72</subfield>
    <subfield code="w">2017-04-13</subfield>
    <subfield code="y">MON</subfield>
  </datafield>
</record>
